Statistics for Identify the Countries on The Map

Click here to take the quiz!

General Stats

  • This quiz has been taken 52 times
  • The average score is 24 of 33

Answers on the Map

Answers color-coded by a green-red scale on the quiz's map according to % correct below.
 

Answer Stats

Answer% Correct
Canada
100%
Mexico
100%
United States
100%
Argentina
98%
Brazil
98%
Chile
95%
Finland
95%
France
95%
Germany
95%
Peru
95%
Cuba
93%
Haiti
90%
Netherlands
88%
China
83%
Russia
83%
Romania
79%
Jordan
76%
Albania
71%
Afghanistan
67%
Australia
64%
India
64%
Georgia
62%
Thailand
60%
Venezuela
57%
Luxemburg
55%
Togo
50%
Cameroon
48%
Namibia
45%
Zambia
45%
Turkey
43%
Ethiopia
38%
Niger
38%
Brunei
31%

Score Distribution

Percentile by Number Answered

Percent of People with Each Score

Your Score History

You have not taken this quiz